[Event "Druzynowe Mistrzostwa Polski - II liga"]
[Site "Sypniewo k. Jastrowia"]
[Date "1899-12-30"]
[Round "6.69"]
[White "Janicki, Rafal"]
[Black "Maciaga, Marcin"]
[Result "0-1"]
[WhiteTitle "I+"]
[BlackTitle "k+"]
[WhiteElo "1819"]
[BlackElo "2116"]

1. e4 c5 2. Nf3 Nc6 3. d4 cxd4 4. Nxd4 g6 5. c4 Bg7 6. Be3 Nf6 7. Nc3 O-O 8. Be2
d6 9. O-O Bd7 10. h3 Nxd4 11. Bxd4 Bc6 12. Qc2 Nd7 13. Bxg7 Kxg7 14. f4 f6 15.
Kh2 a5 16. b3 Kh8 17. a3 Rg8 18. b4 b6 19. Nd5 g5 20. g3 gxf4 21. gxf4 Qf8 22.
Bg4 axb4 23. axb4 Rxa1 24. Rxa1 Qh6 25. Kg3 Qg7 26. Rh1 e6 27. Nc7 Nf8 28. Nb5
f5 29. Nxd6 fxg4 30. h4 Nd7 31. Rd1 Nf6 32. b5 Nh5+ 33. Kh2 g3+ 34. Kg1 Ba8 35.
f5 exf5 36. Nxf5 Qe5 37. Nh6 Qc5+ 38. Kg2 Bxe4+ 0-1

[Event "Druzynowe Mistrzostwa Polski - II liga"]
[Site "Sypniewo k. Jastrowia"]
[Date "1899-12-30"]
[Round "6.70"]
[White "Krasiewicz, Robert"]
[Black "Lisiecki, Robert"]
[Result "1-0"]
[WhiteTitle "k+"]
[BlackTitle "I"]
[WhiteElo "2050"]
[BlackElo "1775"]

1. d4 Nf6 2. Nf3 c5 3. c4 g6 4. g3 Bg7 5. Bg2 cxd4 6. Nxd4 Nc6 7. Nc2 O-O 8. Nc3
d6 9. O-O Bd7 10. b3 Rc8 11. Bb2 Qa5 12. Qd2 Rfd8 13. Rfd1 Ne5 14. Bxb7 Rb8 15.
Bd5 e6 16. f4 Neg4 17. Bf3 Be8 18. h3 Nh6 19. e4 Bc6 20. Nd4 Qc5 21. Kg2 Ne8 22.
Nxc6 Qxc6 23. Rac1 e5 24. fxe5 dxe5 25. Qxd8 Rxd8 26. Rxd8 Bf6 27. Rd3 Nd6 28.
Rcd1 Be7 29. Nd5 Bf8 30. Bxe5 Nb7 31. Nf6+ Kg7 32. Nd7+ Kg8 33. Nxf8 Kxf8 34.
Rd7 Ng8 35. Rc7 Qe6 36. Bc3 Qa6 37. a4 Nh6 38. Rdd7 Nd6 39. Bb4 Nf5 40. exf5 gxf5
41. Rxd6 1-0

[Event "Druzynowe Mistrzostwa Polski - II liga"]
[Site "Sypniewo k. Jastrowia"]
[Date "1899-12-30"]
[Round "6.71"]
[White "Kozlowski, Tomasz"]
[Black "Bugajski, Robert"]
[Result "1/2-1/2"]
[WhiteTitle "I++"]
[BlackTitle "FM"]
[WhiteElo "1775"]
[BlackElo "2047"]

1. e4 e6 2. d4 d5 3. Nc3 Bb4 4. e5 Ne7 5. a3 Bxc3+ 6. bxc3 c5 7. Qg4 O-O 8. h4
cxd4 9. Rh3 f5 10. Qg3 Nbc6 11. Bh6 Rf7 12. Nf3 Qa5 13. Bd2 dxc3 14. Bf4 Qa4 15.
Ng5 Rf8 16. h5 Nd4 17. Bd3 Bd7 18. Rh4 Nxc2+ 19. Bxc2 Qxc2 20. Rc1 Qb2 21. Kf1
Rac8 22. Kg1 Rc4 23. Nh3 c2 24. Kh2 Kh8 25. Qg5 Rf7 26. Re1 h6 27. Qg3 c1=Q 28.
Bxc1 Rxc1 29. Rb4 Qxb4 30. axb4 Rxe1 31. Qc3 Re4 32. Qc7 Nc6 33. b5 Nxe5 34. f3
Re2 35. Nf4 Bxb5 36. Qb8+ Kh7 37. Nxe2 Nxf3+ 38. Kg3 Bxe2 39. gxf3 f4+ 40. Kg4
Bd3 41. Qc8 Bf5+ 42. Kh4 a6 43. Qh8+ 1/2-1/2

[Event "Druzynowe Mistrzostwa Polski - II liga"]
[Site "Sypniewo k. Jastrowia"]
[Date "1899-12-30"]
[Round "6.72"]
[White "Andrzejewska, Anna"]
[Black "Stochnialek, Dominika"]
[Result "1-0"]
[WhiteTitle "WCM"]
[BlackTitle "I++"]
[WhiteElo "1933"]
[BlackElo "1706"]

1. e4 c5 2. Nf3 e6 3. d4 cxd4 4. Nxd4 Nf6 5. Nc3 Nc6 6. Ndb5 Bb4 7. a3 Bxc3+ 8.
Nxc3 O-O 9. Qd6 Ne8 10. Qg3 d5 11. exd5 exd5 12. Bd3 Qe7+ 13. Ne2 Nd4 14. Qe3
Qxe3 15. Bxe3 Nf5 16. Bxf5 Bxf5 17. Bc5 Bxc2 18. Bxf8 Kxf8 19. O-O Bd3 20. Rfe1
Bxe2 21. Rxe2 Rd8 22. Rd1 Nc7 23. f4 g6 24. Kf2 Ne6 25. Kf3 Kg7 26. g4 Kf6 27.
h4 d4 28. Re5 d3 29. g5+ Kg7 30. Ke3 Kf8 31. Rxd3 Rxd3+ 32. Kxd3 Nxf4+ 33. Kc4
Ne6 34. Kd5 Ke7 35. Re3 Kd7 36. Rf3 Ke7 37. Rb3 Nd8 38. Rc3 Kd7 39. Ke5 a6 40.
Kf6 Ke8 41. Rc7 Kf8 42. Rc8 Ke8 43. Rxd8+ Kxd8 1-0

[Event "Druzynowe Mistrzostwa Polski - II liga"]
[Site "Sypniewo k. Jastrowia"]
[Date "1899-12-30"]
[Round "6.73"]
[White "Luczak, Filip"]
[Black "Chomczyk, Marek"]
[Result "1-0"]
[WhiteTitle "FM"]
[BlackTitle "k++"]
[WhiteElo "2278"]
[BlackElo "2260"]

1. Nf3 f5 2. e4 fxe4 3. Ng5 e5 4. d3 e3 5. Bxe3 d5 6. d4 e4 7. c4 Nf6 8. cxd5 Nxd5
9. Qb3 c6 10. Nc3 Bb4 11. Nxe4 Qe7 12. O-O-O Be6 13. Bc4 Nxe3 14. fxe3 Bxc4 15.
Qxc4 Nd7 16. Rhe1 O-O-O 17. a3 Ba5 18. Nd2 Qh4 19. d5 Qe7 20. Nf3 Bxc3 21. Qxc3
Qc5 22. dxc6 Qxc3+ 23. bxc3 bxc6 24. Kc2 Kc7 25. e4 Nc5 26. Rxd8 Rxd8 27. Nd4
Kd6 28. e5+ Kd5 29. Nb3 Ne6 30. Na5 Rc8 31. g3 c5 32. c4+ Kd4 33. Nb7 Rf8 34.
Nd6 Rf2+ 35. Kb3 a6 36. Ka4 Rxh2 37. Ka5 Ra2 38. Kxa6 Rxa3+ 39. Kb6 Ra8 40. Kc6
Rd8 41. Nf7 Rf8 42. Kd6 Rxf7 43. Kxe6 Ra7 44. Kd6 Ra6+ 45. Ke7 Rg6 46. e6 Rxg3
47. Kd7 Ra3 48. e7 Ra8 49. Rc1 Ra7+ 50. Ke6 Ra6+ 51. Kf7 Ra7 52. Kf8 Ra8+ 53.
Kxg7 1-0

[Event "Druzynowe Mistrzostwa Polski - II liga"]
[Site "Sypniewo k. Jastrowia"]
[Date "1899-12-30"]
[Round "6.74"]
[White "Budnik, Mateusz"]
[Black "Grzesik, Gracjan"]
[Result "1/2-1/2"]
[WhiteTitle "k"]
[BlackTitle "k"]
[WhiteElo "2008"]
[BlackElo "2149"]

1. Nf3 Nf6 2. e3 d5 3. c4 e6 4. Be2 Be7 5. O-O O-O 6. d4 b6 7. b3 Bb7 8. Bb2 Nbd7
9. Nbd2 Ne4 10. Rc1 c5 11. cxd5 Bxd5 12. Nxe4 Bxe4 13. dxc5 Nxc5 14. Qxd8 Rfxd8
15. Bd4 Rac8 16. Rfd1 Bb7 17. h3 h6 18. Rc2 Ne4 19. Rdc1 Rxc2 20. Rxc2 Rc8 21.
Rxc8+ Bxc8 22. Ne5 Bb7 1/2-1/2

[Event "Druzynowe Mistrzostwa Polski - II liga"]
[Site "Sypniewo k. Jastrowia"]
[Date "1899-12-30"]
[Round "6.75"]
[White "Majewski, Krzysztof"]
[Black "Celinski, Kamil"]
[Result "1-0"]
[WhiteTitle "I+"]
[BlackTitle "I++"]
[WhiteElo "1999"]
[BlackElo "2025"]

1. e4 e5 2. Nf3 Nc6 3. d4 exd4 4. Nxd4 Nf6 5. Nc3 Bb4 6. Nxc6 bxc6 7. Bg5 h6 8.
Bd2 Qe7 9. Qe2 a5 10. O-O-O Rb8 11. Qf3 O-O 12. Re1 d6 13. Bc4 Nd7 14. Qg3 Kh8
15. f4 Nb6 16. Bb3 Qd7 17. Qd3 c5 18. a3 a4 19. Ba2 Ba5 20. f5 Qe7 21. g4 Nd7
22. h4 Ne5 23. Qe2 Kh7 24. g5 g6 25. Nd5 Bxd2+ 26. Qxd2 Qd8 27. Ref1 Bd7 28. h5
Qxg5 29. Qxg5 hxg5 30. hxg6+ Kg8 31. Ne7+ Kg7 32. f6# 1-0

[Event "Druzynowe Mistrzostwa Polski - II liga"]
[Site "Sypniewo k. Jastrowia"]
[Date "1899-12-30"]
[Round "6.76"]
[White "Kaminski, Jan"]
[Black "Sokolowski, Ryszard"]
[Result "1-0"]
[WhiteTitle "I++"]
[BlackTitle "k"]
[WhiteElo "1955"]
[BlackElo "2031"]

1. e4 c5 2. Nf3 e6 3. b3 b6 4. Bb2 Bb7 5. Nc3 d6 6. d4 cxd4 7. Nxd4 a6 8. Bd3 Nd7
9. O-O Ngf6 10. f4 Qc7 11. f5 e5 12. Nf3 b5 13. a3 Be7 14. Qe2 O-O 15. Kh1 Rfe8
16. Nd2 Bf8 17. Qf2 Nc5 18. b4 Ncd7 19. Rac1 Nb6 20. Nb3 Rac8 21. Na5 Ba8 22.
Rfe1 Nc4 23. Bxc4 bxc4 24. Rcd1 Be7 25. Bc1 Qb8 26. Qe2 h6 27. Nd5 Nxd5 28. exd5
Qc7 29. Qg4 Kh7 30. Re4 c3 31. Rd3 Qd7 32. Nc4 Rb8 33. Ne3 Bg5 34. Rxc3 Bxe3 35.
Rexe3 Bxd5 36. Rg3 Rg8 37. Rh3 Rbc8 38. Bxh6 Bxg2+ 39. Qxg2 Rxc3 40. Be3# 1-0

[Event "Druzynowe Mistrzostwa Polski - II liga"]
[Site "Sypniewo k. Jastrowia"]
[Date "1899-12-30"]
[Round "6.77"]
[White "Gajdzica, Maciej"]
[Black "Jedynak, January"]
[Result "0-1"]
[WhiteTitle "I+"]
[BlackTitle "I+"]
[WhiteElo "1954"]
[BlackElo "1877"]

1. e4 e5 2. Bc4 Nf6 3. d3 c6 4. Nf3 d5 5. Bb3 Bd6 6. Nc3 dxe4 7. Ng5 O-O 8. Ngxe4
Nxe4 9. Nxe4 Be7 10. Qh5 Bb4+ 11. Kf1 Nd7 12. Ng5 Nf6 13. Bxf7+ Kh8 14. Qh4 Qe7
15. Bg6 h6 16. Ne4 Nxe4 17. Qxe4 Qf6 18. Be3 Bd2 19. Bh5 Bf5 20. Qf3 e4 21. dxe4
Qxb2 22. Rd1 Be6 23. Qe2 Bxe3 24. Qxe3 Qxc2 25. Be2 Qxa2 26. g4 Bc4 27. Rd2 Bxe2+
28. Rxe2 Qa1+ 29. Kg2 Qe5 30. Qg3 Qxg3+ 31. Kxg3 a5 32. e5 a4 33. f4 a3 34. Rd1
b5 35. Re3 b4 36. e6 a2 37. Ra1 c5 38. Rb3 Rfb8 39. e7 Kg8 40. Rd3 Kf7 41. Rxa2
Rxa2 42. Rd8 Kxe7 43. Rxb8 Ra3+ 44. Kh4 b3 45. g5 hxg5+ 46. Kxg5 c4 47. Rb7+ Kd6
48. Rb6+ Kc5 49. Rb7 c3 50. Kg6 c2 51. Kxg7 Kc6 52. Rb8 Kc7 0-1

[Event "Druzynowe Mistrzostwa Polski - II liga"]
[Site "Sypniewo k. Jastrowia"]
[Date "1899-12-30"]
[Round "6.78"]
[White "Rudnik, Anna"]
[Black "Krzywnicka, Maria"]
[Result "1/2-1/2"]
[WhiteTitle "I++"]
[BlackTitle "I++"]
[WhiteElo "1869"]
[BlackElo "1885"]

1. e4 c5 2. Nf3 d6 3. d4 cxd4 4. Nxd4 Nf6 5. Nc3 a6 6. h3 e5 7. Nde2 h5 8. Bg5
Be7 9. Bxf6 Bxf6 10. Nd5 Bg5 11. Nec3 Nc6 12. a4 Be6 13. Bc4 g6 14. O-O O-O 15.
Bb3 Rc8 16. Qd3 Nd4 17. Ba2 b5 18. f4 Bh6 19. f5 gxf5 20. exf5 Bxd5 21. Nxd5 Nxc2
22. Rad1 Qg5 23. Rf3 h4 24. f6 Nd4 25. Rff1 Rc2 26. Rf2 Rxf2 27. Kxf2 Kh8 28.
Bb1 Qg3+ 29. Qxg3 hxg3+ 30. Kxg3 bxa4 31. Kg4 Rc8 32. Nb6 Rc1 33. Rxc1 Bxc1 34.
Nxa4 Ne6 35. Bd3 a5 36. b3 Be3 37. Nc3 Bd4 38. Nd5 Kg8 39. Ne7+ Kf8 40. h4 e4
41. Bxe4 Bxf6 42. Nd5 Be5 43. Nb6 Ke7 44. Nc4 Bc3 45. Ne3 Be5 46. h5 Nc5 47. Bc2
Ne6 48. h6 Nd4 49. Nf5+ Nxf5 50. Kxf5 Kf8 51. g4 Kg8 52. Kg5 Kf8 53. Be4 Kg8 54.
Kh5 Kf8 55. g5 Kg8 56. Kg4 Kf8 57. Bd5 Bc3 58. Kf5 Be5 59. Bc4 Bc3 60. Bd5 Be5
61. Bc4 1/2-1/2

[Event "Druzynowe Mistrzostwa Polski - II liga"]
[Site "Sypniewo k. Jastrowia"]
[Date "1899-12-30"]
[Round "6.79"]
[White "Balinski, Damian"]
[Black "Gierulski, Kamil"]
[Result "1/2-1/2"]
[WhiteTitle "k"]
[BlackTitle "k++"]
[WhiteElo "2193"]
[BlackElo "2270"]

1. d4 Nf6 2. c4 e6 3. Nc3 Bb4 4. Qc2 O-O 5. a3 Bxc3+ 6. Qxc3 d5 7. Nf3 dxc4 8.
Qxc4 b6 9. Bg5 Ba6 10. Qa4 Qd7 11. Qc2 c5 12. Bxf6 gxf6 13. dxc5 Rc8 14. Rd1 Qe7
15. Qe4 Qxc5 16. e3 Nc6 17. Bxa6 Qa5+ 18. b4 Qxa6 19. Qd3 Qxd3 20. Rxd3 a5 21.
bxa5 Nxa5 22. Ke2 Rc2+ 23. Rd2 Rc3 24. Rd3 Rc2+ 25. Rd2 Rc3 26. Rd3 Rc2+ 1/2-1/2

[Event "Druzynowe Mistrzostwa Polski - II liga"]
[Site "Sypniewo k. Jastrowia"]
[Date "1899-12-30"]
[Round "6.80"]
[White "Miasik, Adrian"]
[Black "Kossobudzki, Robert"]
[Result "1/2-1/2"]
[WhiteTitle "I++"]
[BlackTitle "I"]
[WhiteElo "1948"]
[BlackElo "2052"]

1. d4 b5 2. e4 Bb7 3. Bxb5 Bxe4 4. Nf3 Nf6 5. O-O e6 6. c4 Be7 7. Nc3 Bb7 8. Ba4
O-O 9. Re1 d6 10. d5 e5 11. c5 Na6 12. c6 Bc8 13. a3 Nc5 14. Bc2 a5 15. Be3 Rb8
16. Rb1 e4 17. Ng5 Bg4 18. Qd2 1/2-1/2

[Event "Druzynowe Mistrzostwa Polski - II liga"]
[Site "Sypniewo k. Jastrowia"]
[Date "1899-12-30"]
[Round "6.81"]
[White "Grzesik, Norbert"]
[Black "Babiarz, Arkadiusz"]
[Result "0-1"]
[WhiteTitle "I++"]
[BlackTitle "I++"]
[WhiteElo "1945"]
[BlackElo "2000"]

1. e4 c5 2. Nf3 e6 3. d4 cxd4 4. Nxd4 a6 5. Bd3 Bc5 6. Nb3 Ba7 7. O-O Ne7 8. a4
Nbc6 9. Bd2 O-O 10. Re1 Ne5 11. Bf1 N7c6 12. a5 f5 13. exf5 Rxf5 14. Be3 Qf6 15.
Bxa7 Rxa7 16. N1d2 d5 17. Qe2 Bd7 18. Nc5 Be8 19. Ra4 Nd8 20. Ra3 Bb5 21. Qe3
Ng4 22. Nce4 Qxb2 23. Qxa7 Qxa3 24. f3 dxe4 25. fxg4 Qc5+ 26. Qxc5 Rxc5 27. Nxe4
Re5 28. Rd1 Nc6 29. Bxb5 Rxb5 30. Nd6 Rb2 31. Re1 e5 32. Re2 Kf8 33. Nc4 Rb5 34.
Nd6 Rb1+ 35. Kf2 Ke7 36. Nc4 Ke6 37. c3 Rc1 38. Re3 Ra1 39. Kf3 Kd5 40. Nb6+ Kc5
41. Nd7+ Kd6 42. Rd3+ Kc7 43. Nc5 Rxa5 44. Ne6+ Kb6 45. Nxg7 Ra4 46. Re3 Rf4+
47. Kg3 a5 48. Re2 a4 49. g5 a3 50. Ra2 Ra4 51. h4 Kb5 52. Nf5 Kc4 53. Ne3+ Kb3
54. Rf2 Rf4 55. Re2 a2 56. Nc2 Rf1 57. h5 Rc1 58. g6 Rxc2 59. Re1 Rxc3+ 60. Kh2
hxg6 61. hxg6 Ne7 62. g7 Kb2 0-1

[Event "Druzynowe Mistrzostwa Polski - II liga"]
[Site "Sypniewo k. Jastrowia"]
[Date "1899-12-30"]
[Round "6.82"]
[White "Ciasnocha, Michal"]
[Black "Meller, Piotr"]
[Result "0-1"]
[WhiteTitle "I++"]
[BlackTitle "I"]
[WhiteElo "1893"]
[BlackElo "2023"]

1. d4 g6 2. Nf3 Bg7 3. e4 d6 4. h3 Nf6 5. Bd3 c6 6. Bf4 Nbd7 7. Qd2 h6 8. Nc3 Nh5
9. Be3 e5 10. O-O-O Qf6 11. Ne2 g5 12. dxe5 dxe5 13. h4 g4 14. Nh2 Nb6 15. Qa5
Qd8 16. f4 Nxf4 17. Nxf4 exf4 18. Be2 Bd7 19. Bd4 Bxd4 20. Rxd4 Qf6 21. e5 Qxh4
22. Rxf4 Nd5 23. Rff1 Qg5+ 24. Kb1 h5 25. Qa3 Qe3 26. Bd3 Be6 27. Re1 Qd4 28.
Re4 Qf2 29. Re2 Qb6 30. Nf1 O-O-O 31. g3 Kb8 32. Nd2 Qb4 33. Qxb4 Nxb4 34. Bc4
Rxd2 35. Rxd2 Bxc4 36. Rd4 Bxa2+ 37. Kc1 Bd5 0-1

[Event "Druzynowe Mistrzostwa Polski - II liga"]
[Site "Sypniewo k. Jastrowia"]
[Date "1899-12-30"]
[Round "6.83"]
[White "Paprocki, Artur"]
[Black "Wasik, Roman"]
[Result "1-0"]
[WhiteTitle "I"]
[BlackTitle "I"]
[WhiteElo "1842"]
[BlackElo "1355"]

1. d4 d6 2. Nf3 Nf6 3. c4 g6 4. Nc3 Bg7 5. e4 O-O 6. Be2 e5 7. Be3 Nc6 8. d5 Ne7
9. Nd2 a5 10. c5 Nd7 11. cxd6 cxd6 12. Nc4 Nc5 13. O-O f5 14. f3 f4 15. Bf2 g5
16. Rc1 b6 17. Nb5 Rf6 18. a3 Ba6 19. Nd2 Qd7 20. a4 Rh6 21. b3 Rb8 22. Bc4 Bf8
23. Qe2 Bc8 24. h3 Qe8 25. Bxc5 bxc5 26. Nc7 Qh5 27. Ne6 Ng6 28. Rfd1 Qh4 29.
Nf1 Be7 30. Nxc5 Bxh3 31. gxh3 Qxh3 32. Qg2 Qh5 33. Kf2 g4 34. fxg4 Qh4+ 35. Kf3
Qg5 36. Ne6 Nh4+ 37. Kf2 Qg6 38. Qh3 Qxe4 39. g5 Rh5 40. Bd3 Qb4 41. Qg4 Qb6+
42. Ke1 Qg1 43. Qxh5 Ng2+ 44. Kd2 Qf2+ 45. Qe2 Qg1 46. Rc3 Nh4 47. Kc1 f3 48.
Qe4 Bxg5+ 49. Nxg5 Qxg5+ 50. Kb1 Rb7 51. Rdc1 Rf7 52. Rc8+ Kg7 53. R8c7 Qg6 54.
Rxf7+ Kxf7 55. Rc7+ Kg8 56. Qxg6+ hxg6 57. Ra7 Nf5 58. Bxf5 gxf5 59. Rxa5 Kf7
60. Kc2 Kf6 61. Rb5 f4 62. a5 e4 63. Kd2 Ke5 64. a6 e3+ 65. Nxe3 Kd4 66. Nf1 Ke4
67. a7 1-0

[Event "Druzynowe Mistrzostwa Polski - II liga"]
[Site "Sypniewo k. Jastrowia"]
[Date "1899-12-30"]
[Round "6.84"]
[White "Polak, Sylwia"]
[Black "Korosciel, Aneta"]
[Result "1/2-1/2"]
[WhiteTitle "I++"]
[BlackTitle "m"]
[WhiteElo "1481"]
[BlackElo "1966"]

1. d4 Nf6 2. c4 e6 3. Nc3 Bb4 4. f3 d5 5. a3 Bxc3+ 6. bxc3 O-O 7. cxd5 exd5 8.
e3 b6 9. Bd3 Re8 10. Ne2 c5 11. O-O Ba6 12. Ng3 Bxd3 13. Qxd3 Nc6 14. Ra2 Rc8
15. Re2 cxd4 16. cxd4 Na5 17. e4 h6 18. e5 Nd7 19. f4 Qc7 20. Bb2 Nc4 21. Ba1
Nf8 22. f5 Qd7 23. Qf3 Rc6 24. Qg4 Nh7 25. Nh5 f6 26. h4 Nxa3 27. Bb2 Nc4 28.
e6 Qe7 29. Bc1 Kh8 30. Nf4 Qd6 31. Ng6+ Kg8 32. Bxh6 gxh6 33. Ne7+ Kh8 34. Ng6+
Kg8 35. Ne7+ Kh8 36. Ng6+ Kg8 37. Ne5+ Kf8 38. Nd7+ Ke7 39. Qg7+ Kd8 40. Qxh7
1/2-1/2

[Event "Druzynowe Mistrzostwa Polski - II liga"]
[Site "Sypniewo k. Jastrowia"]
[Date "1899-12-30"]
[Round "6.85"]
[White "Borgula, Rafal"]
[Black "Polok, Kacper"]
[Result "1-0"]
[WhiteTitle "FM"]
[BlackTitle "FM"]
[WhiteElo "2223"]
[BlackElo "2245"]

1. e4 c5 2. Nf3 d6 3. Nc3 Nf6 4. d4 cxd4 5. Nxd4 a6 6. g3 e5 7. Nde2 Be7 8. Bg2
O-O 9. O-O Be6 10. h3 b5 11. a3 Nbd7 12. b3 Nc5 13. Bg5 Nfd7 14. Bxe7 Qxe7 15.
Qb1 Rad8 16. Qb2 Nb6 17. Rad1 Kh8 18. Rfe1 Bd7 19. Qc1 Bc6 20. Qe3 Qb7 21. Rd2
Qc7 22. Red1 a5 23. Nc1 b4 24. axb4 axb4 25. N3a2 f5 26. exf5 Bxg2 27. Kxg2 Rxf5
28. Nxb4 Qb7+ 29. Kg1 Ne4 30. Rd3 Ng5 31. g4 Nf3+ 32. Kf1 Nd4 33. Qg3 Qh1+ 34.
Qg1 Rxf2+ 35. Kxf2 Rf8+ 36. Ke3 Rf3+ 37. Kd2 Qxh3 38. Rxd4 exd4 39. Ne2 h6 40.
Qxd4 Nd7 41. Nd3 Nf6 42. Kc1 Nxg4 43. Ng1 1-0

[Event "Druzynowe Mistrzostwa Polski - II liga"]
[Site "Sypniewo k. Jastrowia"]
[Date "1899-12-30"]
[Round "6.86"]
[White "Jaworski, Miroslaw"]
[Black "Paprocki, Jaroslaw"]
[Result "1/2-1/2"]
[WhiteTitle "IM"]
[BlackTitle "k++"]
[WhiteElo "2185"]
[BlackElo "2186"]

1. d4 Nf6 2. c4 e6 3. g3 c5 4. Nf3 b6 5. Bg2 Bb7 6. O-O cxd4 7. Qxd4 d6 8. Nc3
Nbd7 9. Rd1 a6 10. Ng5 Bxg2 11. Kxg2 Qc7 12. Nge4 Rc8 13. Bg5 Nxe4 14. Nxe4 Nc5
15. f3 h6 16. Be3 Nxe4 17. Qxe4 Qxc4 18. Qxc4 Rxc4 19. Rdc1 b5 20. Rxc4 bxc4 21.
b3 c3 22. Rc1 Kd7 23. Rxc3 d5 24. Bc5 Bd6 25. Bxd6 Kxd6 26. b4 Rb8 27. Ra3 Rb6
28. Ra5 Rxb4 29. Rxa6+ Ke5 30. Kf2 1/2-1/2

[Event "Druzynowe Mistrzostwa Polski - II liga"]
[Site "Sypniewo k. Jastrowia"]
[Date "1899-12-30"]
[Round "6.87"]
[White "Zebracki, Tomasz"]
[Black "Helis, Tadeusz"]
[Result "0-1"]
[WhiteTitle "k+"]
[BlackTitle "FM"]
[WhiteElo "2223"]
[BlackElo "2095"]

1. e4 c5 2. Nf3 e6 3. c3 d5 4. e5 d4 5. Bd3 Nc6 6. O-O Nge7 7. Na3 Ng6 8. Re1 Be7
9. g3 O-O 10. h4 dxc3 11. dxc3 Qd5 12. c4 Qd7 13. h5 Rd8 14. hxg6 Qxd3 15. gxf7+
Kxf7 16. Ng5+ Kg6 17. Qg4 Qf5 18. Qxf5+ Kxf5 19. Nf3 g5 20. Nc2 b6 21. Bd2 Bb7
22. Bc3 Rd3 23. Ne3+ Kg6 24. Red1 Rad8 25. Ne1 Rxd1 26. Rxd1 Rxd1 27. Nxd1 Kf5
28. Ne3+ Ke4 29. Ng4 Nd4 30. Kf1 Kf5 31. Ne3+ Kxe5 32. N1c2 Ke4 33. Ne1 Nf3 34.
Ng4 Nd4 35. Ne3 h5 36. a3 Nf3 37. Nxf3 Kxf3 38. Ng2 h4 39. Ne1+ Kg4 40. gxh4 gxh4
41. Be5 Bg5 42. Bb8 h3 43. Nd3 Be4 44. Ne5+ Kf5 45. f3 Bb7 46. Nf7 Bf4 47. Nd6+
Bxd6 48. Bxd6 Bxf3 49. Kf2 Ke4 50. Bb8 a5 51. Bc7 a4 52. Kg3 Bg2 53. Bxb6 Kd4
54. Ba5 Kxc4 55. Bc3 Kd5 56. Kf2 e5 57. Bd2 Kc4 58. Bc3 e4 59. Be5 Kd3 60. Bf4
e3+ 61. Ke1 Bf3 62. Bd6 c4 63. Bf4 Kc2 64. Be5 Kc1 65. Kf1 Kd1 0-1

[Event "Druzynowe Mistrzostwa Polski - II liga"]
[Site "Sypniewo k. Jastrowia"]
[Date "1899-12-30"]
[Round "6.88"]
[White "Malinowski, Damian"]
[Black "Wolanski, Michal"]
[Result "1/2-1/2"]
[WhiteTitle "I++"]
[BlackTitle "I++"]
[WhiteElo "2012"]
[BlackElo "2029"]

1. c4 c5 2. Nc3 Nc6 3. g3 g6 4. Bg2 Bg7 5. e4 e6 6. Nge2 Nge7 7. O-O O-O 8. d3
d6 9. Be3 Nd4 10. Qd2 Rb8 11. Bh6 Nec6 12. Bxg7 Kxg7 13. Nxd4 cxd4 14. Ne2 e5
15. f4 Bg4 16. Bf3 Bd7 17. f5 f6 18. a4 Qa5 19. Qxa5 Nxa5 20. fxg6 hxg6 21. b4
Nc6 22. Rfb1 b6 23. a5 b5 24. Nc1 a6 25. c5 dxc5 26. bxc5 Rfc8 27. Bd1 Rc7 28.
Na2 Be6 29. Bb3 Bxb3 30. Rxb3 Rbc8 31. Rbb1 Nb8 32. Rc1 Rxc5 33. Rxc5 Rxc5 34.
Rc1 Nd7 35. Rxc5 Nxc5 36. Nb4 Kf7 37. Kf2 Ke6 38. Ke2 f5 39. exf5+ Kxf5 40. Kf3
g5 41. h4 g4+ 42. Ke2 e4 43. dxe4+ Kxe4 44. Kd1 Nb7 45. Nxa6 Nxa5 46. Nc5+ Kf3
47. h5 Nc6 48. Ne6 Ke4 49. h6 Ne5 50. h7 Ng6 51. Nc7 b4 52. Na6 Kf3 53. Nxb4 Kxg3
54. Nc6 Kf4 55. Nxd4 Ke5 56. Ne2 Kf6 57. Ke1 Kg7 58. Kf2 Kxh7 59. Kg3 Ne5 60.
Nf4 Kh6 61. Nd3 1/2-1/2

[Event "Druzynowe Mistrzostwa Polski - II liga"]
[Site "Sypniewo k. Jastrowia"]
[Date "1899-12-30"]
[Round "6.89"]
[White "Przybylski, Bartosz"]
[Black "Chrobak, Piotr"]
[Result "1-0"]
[WhiteTitle "I"]
[BlackTitle "I"]
[WhiteElo "1667"]
[BlackElo "1692"]

1. e4 c5 2. Nf3 d6 3. d4 cxd4 4. Nxd4 Nf6 5. Nc3 g6 6. Be3 Bg7 7. f3 O-O 8. Qd2
Nc6 9. O-O-O Bd7 10. g4 Nxd4 11. Bxd4 Bc6 12. Bc4 Nd7 13. Bxg7 Kxg7 14. h4 h6
15. h5 g5 16. f4 f6 17. Rhf1 Qa5 18. Rde1 Qc5 19. Be6 Nb6 20. Qd3 Be8 21. e5 fxe5
22. fxg5 Rf4 23. gxh6+ Kh8 24. Rxf4 exf4 25. Qe4 Qg5 26. Qd4+ Kh7 27. Bf5+ 1-0

[Event "Druzynowe Mistrzostwa Polski - II liga"]
[Site "Sypniewo k. Jastrowia"]
[Date "1899-12-30"]
[Round "6.90"]
[White "Suchanek, Paulina"]
[Black "Paprocka, Renata"]
[Result "0-1"]
[WhiteTitle "I"]
[BlackTitle "WFM"]
[WhiteElo "1547"]
[BlackElo "1914"]

1. d4 d5 2. c4 e6 3. Nc3 Nf6 4. Nf3 Nbd7 5. Bg5 c6 6. e3 Qa5 7. Nd2 Bb4 8. Qc2
O-O 9. Bxf6 Nxf6 10. Bd3 dxc4 11. Nxc4 Qh5 12. O-O Nd5 13. Be2 Qg6 14. Bd3 Qh6
15. a3 Be7 16. Ne4 f5 17. Ned6 Rd8 18. Nxc8 Raxc8 19. Rac1 c5 20. dxc5 Rxc5 21.
Qb3 b5 22. Nd2 Nxe3 23. Rfe1 Rxc1 24. Rxc1 Nc4 25. Rxc4 bxc4 26. Nxc4 Qc1+ 27.
Bf1 Rd1 28. Ne3 Rd6 29. Nxf5 Rb6 30. Nxe7+ Kf7 31. Qa4 Qc7 32. Nc8 Qxc8 33. Qxa7+
Qb7 34. Qxb7+ Rxb7 35. g3 Rxb2 36. a4 Ra2 37. Bb5 Kf6 38. Kg2 Ke5 39. h3 Kd4 40.
g4 g5 41. Kg3 e5 42. f3 Ke3 43. Bc6 Ra3 44. Be4 h6 45. Bc6 Ra1 46. Be4 Rxa4 47.
Bf5 Ra1 48. Be4 Rg1+ 49. Kh2 Kf2 50. Bd5 Rg2+ 51. Kh1 Rg3 52. Kh2 Rxf3 0-1

[Event "Druzynowe Mistrzostwa Polski - II liga"]
[Site "Sypniewo k. Jastrowia"]
[Date "1899-12-30"]
[Round "6.91"]
[White "Sopur, Lech"]
[Black "Wesolowski, Edgar"]
[Result "1-0"]
[WhiteTitle "m"]
[BlackTitle "I++"]
[WhiteElo "2413"]
[BlackElo "1951"]

1. Nf3 Nf6 2. g3 c5 3. Bg2 g6 4. c4 Bg7 5. Nc3 O-O 6. O-O Nc6 7. d4 cxd4 8. Nxd4
Nxd4 9. Qxd4 d6 10. Qd2 Qc7 11. b3 Bd7 12. Bb2 Bc6 13. e4 Rad8 14. Rac1 b6 15.
Nd5 Qb7 16. Nxf6+ Bxf6 17. Bxf6 exf6 18. f3 Rfe8 19. Rc3 Re5 20. g4 b5 21. Rfc1
Qb6+ 22. Kh1 Rc5 23. Bf1 bxc4 24. Bxc4 Qa5 25. R1c2 Rd7 26. Be2 Rxc3 27. Qxc3
Qxc3 28. Rxc3 Bb7 29. Kg2 d5 30. Bb5 Re7 31. exd5 Bxd5 32. Kf2 Kg7 33. Bd3 Bb7
34. b4 Kh6 35. h4 f5 36. gxf5 gxf5 37. Bxf5 Kh5 38. Kg3 f6 39. Rd3 Rg7+ 40. Bg4+
Kg6 41. Rd7 Rxd7 42. Bxd7 Bd5 43. a4 Kf7 44. b5 Ke7 45. Bf5 Bg8 46. a5 Kd6 47.
Be4 Kc5 48. b6 axb6 49. a6 1-0

[Event "Druzynowe Mistrzostwa Polski - II liga"]
[Site "Sypniewo k. Jastrowia"]
[Date "1899-12-30"]
[Round "6.92"]
[White "Mierzynski, Jaroslaw"]
[Black "Strzelecki, Jerzy"]
[Result "1/2-1/2"]
[WhiteTitle "I+"]
[BlackTitle "k"]
[WhiteElo "1922"]
[BlackElo "1924"]

1. d4 e6 2. Bf4 c5 3. e3 Qb6 4. Nc3 Nf6 5. Rb1 Be7 6. Nf3 O-O 7. Bd3 d6 8. O-O
Bd7 9. Nd2 Na6 10. a3 Rfd8 11. Ne2 Rac8 12. c3 cxd4 13. exd4 d5 14. Bg5 Bb5 15.
Bc2 Nc7 16. Re1 Nce8 17. Nf3 a5 18. Ng3 Qc7 19. Qd2 Nd6 20. Bf4 Re8 21. Qd1 Qd8
22. Ne5 Bf8 23. Bg5 Be7 24. Qf3 Rc7 25. Bf4 Rc8 26. Ng4 Nxg4 27. Qxg4 f5 28. Qh5
g6 29. Qd1 Bf6 30. f3 Ra8 1/2-1/2

[Event "Druzynowe Mistrzostwa Polski - II liga"]
[Site "Sypniewo k. Jastrowia"]
[Date "1899-12-30"]
[Round "6.93"]
[White "Gradowski, Jacek"]
[Black "Kowalewicz, Kacper"]
[Result "1/2-1/2"]
[WhiteTitle "I+"]
[BlackTitle "I+"]
[WhiteElo "2058"]
[BlackElo "1831"]

1. d4 d5 2. c4 e6 3. Nc3 c6 4. e4 dxe4 5. Nxe4 Nf6 6. Nxf6+ Qxf6 7. Nf3 Bb4+ 8.
Bd2 Bxd2+ 9. Qxd2 Nd7 10. Bd3 O-O 11. O-O h6 12. Qe3 Rd8 13. c5 Rb8 14. b4 Nf8
15. Ne5 Bd7 16. f4 Qe7 17. Rad1 Be8 18. Nc4 Qc7 19. a3 f6 20. Nd6 Rxd6 21. cxd6
Qxd6 22. Be4 a6 23. Qc3 Rd8 24. g3 Bh5 25. Bf3 Bxf3 26. Qxf3 Nd7 27. f5 exf5 28.
Qxf5 Nb6 29. Rfe1 Nd5 30. Re6 Qd7 31. g4 h5 32. Rde1 hxg4 33. Qg6 Rf8 34. Qe4
f5 35. Qe5 f4 36. Re8 Rxe8 37. Qxe8+ Qxe8 38. Rxe8+ Kf7 39. Rb8 b5 40. Ra8 g3
41. hxg3 fxg3 42. Rxa6 Ne7 43. Kg2 Ke6 44. a4 bxa4 45. b5 Kd6 46. b6 Nd5 47. Kxg3
a3 48. Kf3 a2 49. b7 Kc7 50. Rxa2 Kxb7 51. Rg2 Kb6 52. Rxg7 Nc3 53. Ke3 Nb5 54.
Rd7 Nc7 55. Ke4 Na6 56. Ke5 Nc7 57. Kd6 Nb5+ 58. Ke5 Nc7 59. Rd8 Nb5 60. Ke6 Kc7
61. Rd7+ Kb6 62. Ke7 Nc7 63. Rd8 Nb5 64. Rb8+ Ka7 65. Rd8 Kb6 66. Ke6 Kc7 67.
Rd7+ Kb6 68. Ke5 Nc7 69. Rh7 Nb5 70. Rh1 Kc7 71. Rb1 Nc3 72. Rc1 Nd5 73. Ke4 Kd6
74. Rg1 Nc3+ 75. Kd3 Nd5 76. Rg4 Kc7 77. Re4 Kb6 78. Kc4 Nc7 79. Re5 Nb5 80. Re6
Nc7 81. Rd6 Nb5 82. Rh6 Nc7 83. Rh5 Nb5 84. Rh1 Nd6+ 85. Kb4 Nb5 86. Rh4 Nxd4
1/2-1/2